Political process in India / (Record no. 146045)

MARC details
000 -LEADER
fixed length control field 00892nam a22002417a 4500
005 - DATE AND TIME OF LATEST TRANSACTION
control field 20180429102936.0
010 ## - LCCN (DPL NO)
LC control number 1718EN-30 ENG-121678 B-691386
020 ## - INTERNATIONAL STANDARD BOOK NUMBER
International Standard Book Number 9789383848188
Terms of availability 250.00
035 ## - SYSTEM CONTROL NUMBER
System control number EN-105210 B-691386
035 ## - SYSTEM CONTROL NUMBER
System control number B-681397-398
037 ## - SOURCE OF ACQUISITION
Source of stock number/acquisition Asian
Stock number dpl
037 ## - SOURCE OF ACQUISITION
Source of stock number/acquisition DBAD/PUB
082 ## - DEWEY DECIMAL CLASSIFICATION NUMBER
Classification number 324.0954
245 ## - TITLE STATEMENT
Title Political process in India /
Statement of responsibility, etc edited by Sanjeev Kumar [and] Dev N. Pathak
260 ## - PUBLICATION, DISTRIBUTION, ETC. (IMPRINT)
Date of publication, distribution, etc 2016
Place of publication, distribution, etc New Delhi
Name of publisher, distributor, etc Pinnacle Learning
270 ## - ADDRESS
Address 24, DDA Shopping Complex, Ber Sarai,
City New Delhi
Postal code 110016
300 ## - PHYSICAL DESCRIPTION
Dimensions 23cm(pbk)
Extent 230p.
500 ## - GENERAL NOTE
General note Includes index
700 ## - ADDED ENTRY--PERSONAL NAME
Personal name Sanjeev Kumar
700 ## - ADDED ENTRY--PERSONAL NAME
Personal name pathak, Dev N.
942 ## - ADDED ENTRY ELEMENTS (KOHA)
Item type English Books
Source of classification or shelving scheme Dewey Decimal Classification
Call number suffix POL
Classification part 324.0954
Holdings
Withdrawn status Lost status Not for loan Collection code Home library Current library Date acquired Source of acquisition Cost, normal purchase price Full call number Barcode Copy number Cost, replacement price Koha item type
      Non-fiction Ashok Vihar Ashok Vihar 11/01/2018 ABC/5265/25.11.2017/BPPD/EN/2017-18/636/20.11.17/28.11.2017 250.00 324.0954 POL B-681398 1 250.00 English Books
    Not For Loan Non-fiction D.B.Act.Division Bawana 30/11/2017 DBAD/PUB 250.00 324.0954 POL EN-105210 1 250.00 English Books
      Non-fiction Central Library Central Library 11/01/2018 ABC/5265/25.11.2017/BPPD/EN/2017-18/636/20.11.17/28.11.2017 250.00 324.0954 POL B-681397 1 250.00 English Books
      Non-fiction Central Library Central Library 29/04/2018 BPPD/ PUR/ 250.00 324.0954 POL B-691386 1 250.00 English Books

© Delhi Public Library
Hit Counter
free hit counter